000 00515nam a22001697a 4500
005 20240620143657.0
008 240620b |||||||| |||| 00| 0 eng d
020 _a9781405719506 ; 9780406996435
041 _aEnglish
082 _a349 LAW
100 _lEnglish
245 _aThe All England Law Reports: Reprint
260 _aLondon:
_bButterworth and Co. Publisher Ltd,
_c2007
300 _bxix, 1278 pages;
_c25 cm.
650 _aLegal practice
_bLaw
942 _cBK
_6ALISON_BN_VRIES
999 _c2013
_d2013